| 000 | 00626nam a2200241Ia 4500 | ||
|---|---|---|---|
| 003 | OSt | ||
| 005 | 20220918192836.0 | ||
| 006 | a|||||r|||| 00| 0 | ||
| 007 | ta | ||
| 008 | 220917b |||||||| |||| 00| 0 eng d | ||
| 024 | _a70,698 | ||
| 037 | _cTextual | ||
| 040 |
_aARTS _cARTS _beng |
||
| 041 |
_2eng _aeng |
||
| 082 | _aR4xL70:g, N0 | ||
| 100 |
_aWood Allen W _918553 |
||
| 245 | 0 | _aHegel's ethical thought | |
| 260 |
_aNew York _bCambridge University Press _c1990 |
||
| 300 |
_axxi,293p. _ccm. |
||
| 650 | _aETHICS | ||
| 942 |
_hR4xL70:g, N0 _cTEXL _2CC |
||
| 999 |
_c196791 _d196791 |
||